Odpor proti Mochovciam: kto stojí v pozadí Projekt, ktorý tvorí začiatok renovácií blokov VVER v strednej a východnej Európe

Problematika dokončenia rozostavanej jadrovej elektrárne v Mochovciach. Pozastavenie stavby v r.1990 pre nedostatok finančných zdrojov. Ponuky na spoluprácu zo zahraničia spojené s pomocou na získavanie finančných prostriedkov. Úver Európskej banky pre obnovu a rozvoj (EBOR). Podmienky EBOR pre získ...

Full description

Saved in:
Bibliographic Details
Main Author: Sotník, Alexander
Format: Book Chapter
Language:Slovak
Subjects:
Tags: Add Tag
No Tags, Be the first to tag this record!

MARC

LEADER 00000naa a2200000 4500
001 r017220
005 20221205102653.1
041 0 |a slo 
044 |a SK 
245 1 0 |a Odpor proti Mochovciam: kto stojí v pozadí  |b Projekt, ktorý tvorí začiatok renovácií blokov VVER v strednej a východnej Európe  |c Alexander Sotník 
520 |a Problematika dokončenia rozostavanej jadrovej elektrárne v Mochovciach. Pozastavenie stavby v r.1990 pre nedostatok finančných zdrojov. Ponuky na spoluprácu zo zahraničia spojené s pomocou na získavanie finančných prostriedkov. Úver Európskej banky pre obnovu a rozvoj (EBOR). Podmienky EBOR pre získanie úveru. Ovplyvňovanie dostavby jadrovej elektrárne zo strany rakúskych ochranárskych hnutí. Problematika likvidácie jadrového odpadu. Podiel jadrovej energetiky na výrobe elektrickej energie v jednotlivých krajinách sveta. 
610 2 0 |a Jadrová elektráreň Mochovce 
610 2 0 |a rozostavanosť 
610 2 0 |a zdroje finančné 
610 2 0 |a úver zahraničný 
610 2 0 |a Európska banka pre obnovu a rozvoj 
610 2 0 |a energia atómová 
610 2 0 |a výroba energie 
610 2 0 |a bezpečnosť environmentálna 
610 2 0 |a elektrárne atómové 
610 2 0 |a mienka verejná 
100 1 |a Sotník, Alexander